000
00268nam a2200097Ia 4500
001
646765
005
20250826153649.0
008
250824s9999 xx 000 0 und d
245
0
_a
LEVENT TÜRKİYEYİ GEZİYORUM 6 KAPADOKYA DA
_c
MUSTAFA ORAKÇI
260
_b
TİMAŞ ÇOCUK
999
_c
646765
_d
646765